LEADER 01254nam0 22002651i 450 001 UON00005696 005 20231205101910.152 100 $a20020107d1989 |0itac50 ba 101 $amul 102 $aSE 105 $a|||| 1|||| 200 1 $aApocalypticism in the Mediterranean World and the Near East$eProcedings of the International Colloquium on Apocalypticism$eUppsala, August 12-17, 1979$fed. by D. Hellholm 205 $a2a ed 210 $aTübingen$cJ.C.B. Mohr$ePaul Siebeck$d1989 215 $axi, 910 p.$d23 cm 517 1$3UON00352368$aProcedings of the International Colloquium on Apocalypticism : Uppsala, Augus t 12-17, 1979 606 $aVICINO ORIENTE ANTICO$xAPOCALITTICISMO$xCONGRESSI$3UONC001602$2FI 686 $aVOA GEN E VII$cVICINO ORIENTE ANTICO - CONGRESSI - RELIGIONE E FILOSOFIA$2A 702 1$aHELLHOLM$bDavid$3UONV004769 801 $aIT$bSOL$c20240220$gRICA 899 $aSIBA - SISTEMA BIBLIOTECARIO DI ATENEO$2UONSI 912 $aUON00005696 950 $aSIBA - SISTEMA BIBLIOTECARIO DI ATENEO$dSI VOA GEN E VII 003 $eSI SA 72595 5 003 996 $aApocalypticism in the Mediterranean world and the Near East$91081164 997 $aUNIOR